I spy super challenger! : (Record no. 966)

MARC details
000 -LEADER
fixed length control field 01136pam a2200325 a 4500
005 - DATE AND TIME OF LATEST TRANSACTION
control field 20260322212041.0
008 - FIXED-LENGTH DATA ELEMENTS--GENERAL INFORMATION
fixed length control field data
010 ## - LIBRARY OF CONGRESS CONTROL NUMBER
LC control number 97006864
020 ## - INTERNATIONAL STANDARD BOOK NUMBER
International Standard Book Number 0590341286
020 ## - INTERNATIONAL STANDARD BOOK NUMBER
International Standard Book Number 9780590341288
040 ## - CATALOGING SOURCE
Original cataloging agency DLC
Transcribing agency DLC
Modifying agency DLC
042 ## - AUTHENTICATION CODE
Authentication code lcac
050 00 - LIBRARY OF CONGRESS CALL NUMBER
Classification number GV1507.P47
Item number W5295 1997
082 00 - DEWEY DECIMAL CLASSIFICATION NUMBER
Classification number 793.735
Edition information 21
092 ## - LOCALLY ASSIGNED DEWEY CALL NUMBER (OCLC)
Classification number 793.735 W5295 1997
001 - CONTROL NUMBER
control field data
100 1# - MAIN ENTRY--PERSONAL NAME
Personal name Wick, Walter,
Dates associated with a name 1953-
245 10 - TITLE STATEMENT
Title I spy super challenger! :
Remainder of title a book of picture riddles /
Statement of responsibility, etc. Walter Wick & Jean Marzollo.
260 ## - PUBLICATION, DISTRIBUTION, ETC.
Place of publication, distribution, etc. New York :
Name of publisher, distributor, etc. Scholastic,
Date of publication, distribution, etc. c1997.
300 ## - PHYSICAL DESCRIPTION
Extent 1 v. (unpaged) :
Other physical details col. ill. ;
Dimensions 32 cm.
440 #0 - SERIES STATEMENT/ADDED ENTRY--TITLE
Title I spy books
500 ## - GENERAL NOTE
General note "Cartwheel books."
650 #0 - SUBJECT ADDED ENTRY--TOPICAL TERM
Topical term or geographic name entry element Picture puzzles
General subdivision Juvenile literature.
650 #0 - SUBJECT ADDED ENTRY--TOPICAL TERM
Topical term or geographic name entry element Riddles, Juvenile.
700 1# - ADDED ENTRY--PERSONAL NAME
Personal name Marzollo, Jean.
856 42 - ELECTRONIC LOCATION AND ACCESS
Materials specified Publisher description
Uniform Resource Identifier <a href="http://www.loc.gov/catdir/enhancements/fy1117/97006864-d.html">http://www.loc.gov/catdir/enhancements/fy1117/97006864-d.html</a>
906 ## - LOCAL DATA ELEMENT F, LDF (RLIN)
a 7
b cbc
c orignew
d 1
e ocip
f 19
g y-gencatlg
991 ## -
-- c-GenColl
-- GV1507.P47
-- W5295 1997
-- Copy 1
-- BOOKS
Holdings
Withdrawn status Lost status Damaged status Not for loan Home library Current library Shelving location Date acquired Total checkouts Full call number Barcode Date last seen Price effective from Koha item type
        Centerville Centerville General stacks 22/03/2026   793.735 21 BC0010998 22/03/2026 22/03/2026 Books